70s Movie Character by Picture - Statistics

General Stats
  • This quiz has been taken 129 times
  • The average score is 8 of 12
Answer Stats
Picture Answer % Correct
Superman
99%
Winnie the Pooh
98%
Rocky Balboa
95%
Luke Skywalker
91%
Willy Wonka
90%
Frosty the Snowman
68%
Michael Myers
67%
Danny Zuko
56%
Ellen Ripley
50%
King Arthur
39%
Maid Marian
35%
Martin Brody
19%
No matching quizzes found
Score Distribution
Percent of People with Each Score
Percentile by Number Answered
Your Score History
You have not taken this quiz